00605cam a22001932 4500001001100000005001700011008004100028020001700069040001500086050002200101100003600123245011300159250001200272260003400284300001700318650003900335700003400374852000300408000002410720151217154508.0130610s xx 000 0 eng d a8131222744 : aKABUcKABU 0aQA76.9b.H46 20101 aPatterson, David A.@000014819110aComputer organization and design :bthe hardware/Software interface /cDavid A. Patterson, John L. Hennessy. a4th ed. aNew Delhi :bElsevier,c2010. axxv, 689 p. 0aComputer organization.@00001481921 aHennessy, John L.@00001481931